Honest Corporate Slogans Quiz Stats

Quiz Updated Dec 7, 2014

Challenge
Share
Tweet
Embed
Score 0/25 Timer 06:00
2 Plays Today
% Correct
Starbucks
95.6%
Elmer's Glue
95%
The History Channel
94.9%
Gillette
94.6%
Pepsi
93.7%
Budweiser
93.5%
Delta
93.3%
Instagram
93.2%
Mountain Dew
91.4%
IKEA
91.4%
Candy Crush Saga
90%
ChapStick
88.4%
Uggs
85.5%
% Correct
Hidden Valley Ranch
85.2%
Bugles
83.7%
Blockbuster
81.9%
Yellow Pages
81.7%
DiGiorno
81.5%
Cheerios
80.7%
Folgers
79.5%
Red Lobster
79%
Foster's
78.6%
Redbox
78%
Waffle House
77.4%
Sharpie
72.6%

You're not logged in!

Compare scores with friends on all Sporcle quizzes.
Sign Up with Email
OR
Log In

You Might Also Like...

Show Comments

Extras

Top Quizzes Today


Score Distribution

Your Account Isn't Verified!

In order to create a playlist on Sporcle, you need to verify the email address you used during registration. Go to your Sporcle Settings to finish the process.